American Surnames Containing Each Letter A-Z - Statistics

General Stats
  • This quiz has been taken 93 times
  • The average score is 224 of 490
Answer Stats
First Letter Contains # Possible Answer % Correct
J J 17
100%
J S 13
100%
C C 87
98%
J A 8
98%
J N 12
98%
J O 9
98%
S S 83
98%
W I 20
98%
W W 57
98%
A A 35
96%
A D 11
96%
B B 95
96%
C A 57
96%
H H 85
96%
J E 9
96%
L L 44
96%
M M 108
96%
S H 24
96%
S I 20
96%
S T 32
96%
W S 23
96%
W T 17
96%
A S 15
94%
B A 50
94%
C E 40
94%
C R 43
94%
G G 50
94%
G R 29
94%
H A 42
94%
K K 23
94%
M E 54
94%
P P 55
94%
S M 11
94%
W A 29
94%
W E 30
94%
W N 16
94%
W O 13
94%
B N 37
92%
B R 52
92%
F F 39
92%
H R 33
92%
M A 59
92%
M R 44
92%
N N 19
92%
R O 34
92%
R R 59
92%
A N 15
90%
J H 4
90%
M I 32
90%
R I 21
90%
T T 22
90%
W L 19
90%
B K 17
88%
B L 25
88%
C O 44
88%
F R 30
88%
G A 23
88%
G E 28
88%
H N 45
88%
H O 34
88%
J C 3
88%
K N 10
88%
L E 21
88%
M L 32
88%
M N 50
88%
P A 27
88%
P R 30
88%
R E 29
88%
S N 42
88%
W H 9
88%
B O 28
86%
C L 24
86%
C N 43
86%
D A 25
86%
D D 43
86%
G N 20
86%
H E 38
86%
N O 12
86%
R D 13
86%
R S 31
86%
S E 38
86%
T O 11
86%
T R 15
86%
A E 15
84%
A R 18
84%
H I 19
84%
H S 26
84%
J K 2
84%
L N 20
84%
R A 24
84%
S A 43
84%
T A 8
84%
B E 53
82%
B W 9
82%
C S 27
82%
D N 21
82%
D S 13
82%
K E 13
82%
L I 8
82%
M O 46
82%
M S 26
82%
O N 11
82%
O O 18
82%
P S 17
82%
W G 6
82%
A O 14
80%
B C 13
80%
D I 13
80%
F L 17
80%
K I 8
80%
P E 33
80%
T H 3
80%
A M 3
78%
C T 18
78%
F A 15
78%
F N 12
78%
O E 11
78%
T S 5
78%
W M 2
78%
C H 21
76%
D O 19
76%
E E 17
76%
F E 28
76%
F I 14
76%
G O 19
76%
M C 34
76%
R H 10
76%
R N 17
76%
S O 33
76%
T M 2
76%
D V 6
73%
E S 13
73%
H D 15
73%
L O 16
73%
M H 15
73%
M T 18
73%
P T 19
73%
R C 8
73%
T L 4
73%
T Y 3
73%
W R 20
73%
A L 15
71%
B S 20
71%
D E 21
71%
F D 7
71%
N S 6
71%
S R 31
71%
T E 11
71%
Y Y 6
71%
H L 15
69%
J M 3
69%
L A 19
69%
N E 8
69%
E A 8
67%
J R 5
67%
N I 5
67%
P K 6
67%
P L 12
67%
P O 20
67%
V V 24
67%
D L 14
65%
F S 9
65%
K Y 4
65%
P I 15
65%
P N 15
65%
R B 7
65%
B U 16
63%
F O 12
63%
K G 3
63%
N L 6
63%
R G 4
63%
S C 12
63%
V E 16
63%
Y O 3
63%
A T 7
61%
C P 7
61%
F K 5
61%
G I 16
61%
O R 7
61%
R T 3
61%
T N 9
61%
R Z 3
59%
E R 7
57%
H T 17
57%
J F 1
57%
M Y 23
57%
O I 4
57%
B I 14
55%
B T 19
55%
B Y 14
55%
H Y 12
55%
M D 20
55%
O L 7
55%
P C 10
55%
S V 6
55%
V A 20
55%
V N 10
55%
Y U 2
55%
B H 8
53%
D U 15
53%
G Y 3
53%
H U 18
53%
K T 3
53%
L S 9
53%
L W 5
53%
N A 8
53%
R Y 10
53%
S P 12
53%
W D 7
53%
Y G 2
53%
Y N 2
53%
C M 11
51%
E D 2
51%
E N 8
51%
E W 1
51%
G L 16
51%
G T 7
51%
K H 4
51%
L G 5
51%
R U 8
51%
S W 7
51%
F C 7
49%
G Z 6
49%
K D 1
49%
L R 10
49%
N R 4
49%
Q I 3
49%
Q N 3
49%
Q Q 3
49%
Q U 3
49%
A I 10
47%
C K 3
47%
E I 10
47%
H M 11
47%
N H 3
47%
O S 4
47%
S D 15
47%
V C 3
47%
B D 15
45%
E V 3
45%
N U 2
45%
O W 2
45%
T P 2
45%
G M 6
43%
K L 5
43%
V I 8
43%
W K 7
43%
C B 6
41%
D C 5
41%
E L 5
41%
G S 13
41%
H W 5
41%
H Z 1
41%
L C 6
41%
P U 3
41%
S L 19
41%
S Z 5
41%
C I 13
39%
C U 10
39%
D K 5
39%
G D 8
39%
H V 2
39%
K M 3
39%
L P 1
39%
L Z 2
39%
M G 8
39%
M Z 8
39%
N G 1
39%
N Y 1
39%
R M 8
39%
V T 3
39%
A H 4
37%
A Y 6
37%
D R 13
37%
G C 1
37%
H G 9
37%
L Y 8
37%
M K 7
37%
N C 2
37%
N T 2
37%
O B 2
37%
C Y 10
35%
F H 4
35%
J D 1
35%
L U 6
35%
M W 6
35%
N M 2
35%
R L 11
35%
S U 8
35%
T U 4
35%
Z A 5
35%
Z Z 5
35%
D Y 8
33%
E O 7
33%
N X 1
33%
P H 7
33%
S Y 4
33%
Z N 3
33%
A W 1
31%
D G 5
31%
H K 6
31%
A B 1
29%
F Z 4
29%
K R 7
29%
M U 12
29%
N W 2
29%
V G 6
29%
V U 10
29%
Y A 2
29%
Z E 1
29%
Z I 2
29%
Z M 2
29%
Z R 2
29%
C D 9
27%
C Z 3
27%
F M 4
27%
H P 4
27%
J B 2
27%
O V 1
27%
V L 12
27%
V Z 7
27%
W B 3
27%
A U 3
24%
E T 5
24%
F T 6
24%
F X 2
24%
F Y 7
24%
H C 5
24%
Y K 1
24%
Y R 2
24%
C X 1
22%
D X 1
22%
F G 4
22%
G H 3
22%
J I 5
22%
L D 4
22%
L T 4
22%
R V 4
22%
A V 6
20%
D W 1
20%
D Z 3
20%
F U 5
20%
G B 3
20%
J Z 2
20%
L M 4
20%
M P 2
20%
P Z 1
20%
A C 3
18%
A K 3
18%
A X 1
18%
C G 5
18%
C W 3
18%
J P 1
18%
J T 1
18%
L V 3
18%
O A 3
18%
P W 2
18%
P Y 2
18%
T C 1
18%
T K 1
18%
V H 2
18%
V Q 4
18%
G U 6
16%
J U 1
16%
K A 5
16%
N Z 1
16%
O C 4
16%
B G 6
14%
G F 2
14%
G V 4
14%
H F 3
14%
K O 2
14%
O T 2
14%
W C 3
14%
A G 3
12%
A Z 1
12%
B J 2
12%
B M 2
12%
C F 2
12%
H B 4
12%
I A 2
12%
I G 1
12%
I I 2
12%
I M 1
12%
I N 1
12%
I R 2
12%
M B 1
12%
S G 6
12%
T D 2
12%
T I 4
12%
V O 2
12%
W Y 3
12%
Y E 2
12%
Z G 2
12%
Z H 1
12%
B X 1
10%
E K 1
10%
K X 1
10%
L B 3
10%
O Z 2
10%
P M 3
10%
T V 2
10%
V D 1
10%
V S 5
10%
Y S 1
10%
Y T 1
10%
D F 1
8%
D T 5
8%
E C 2
8%
K P 2
8%
R W 2
8%
T W 1
8%
U D 1
8%
U E 1
8%
U N 1
8%
U O 1
8%
U R 1
8%
U U 1
8%
U W 1
8%
W F 2
8%
B P 2
6%
C V 4
6%
D M 2
6%
F W 2
6%
J G 1
6%
L H 2
6%
M Q 1
6%
O D 2
6%
O G 1
6%
P G 3
6%
R P 1
6%
S K 5
6%
V R 3
6%
W V 1
6%
X G 1
6%
X I 1
6%
X N 1
6%
X O 1
6%
X X 1
6%
B F 1
4%
B Z 1
4%
D H 3
4%
E Q 2
4%
E U 2
4%
J V 1
4%
K C 1
4%
M X 2
4%
N K 1
4%
N V 3
4%
O U 1
4%
T G 2
4%
T J 2
4%
Z L 1
4%
Z O 1
4%
Z V 1
4%
E G 1
2%
E H 1
2%
E Z 3
2%
F P 1
2%
G P 1
2%
G W 1
2%
H X 1
2%
K B 1
2%
M F 1
2%
N B 1
2%
P D 3
2%
Q A 1
2%
Q T 2
2%
R J 1
2%
W X 1
2%
Y D 1
2%
A F 1
0%
B V 2
0%
D J 1
0%
D P 2
0%
E B 1
0%
E P 3
0%
I B 1
0%
J L 1
0%
K U 2
0%
M J 1
0%
O H 1
0%
O M 1
0%
Q E 1
0%
Q O 1
0%
Q R 1
0%
S F 4
0%
S X 1
0%
V B 1
0%
Z U 1
0%
No matching quizzes found
Score Distribution
Percent of People with Each Score
Percentile by Number Answered
Your Score History
You have not taken this quiz